000 00701nam a2200241Ia 4500
003 OSt
005 20220923223507.0
006 a|||||r|||| 00| 0
007 ta
008 220922b |||||||| |||| 00| 0 hin d
024 _a217,750
037 _cTextual
040 _aARTS
_cARTS
_bhin
041 _2hin
_ahin
082 _aO152,1N07x, K5
100 _aचुघ, सत्यपाल
245 0 _aमोर कंठ
246 _aMor kanṭha
260 _aदिल्ली
_b दिल्ली पुस्तक भण्डार
_c1965
300 _a80i`
_ccm.
942 _hO152,1N07x, K5
_cTEXL
_2CC
999 _c365720
_d365720